000 00285nam a2200133Ia 4500
100 _aWaugh/Ian
650 _aGeneral
942 _cBK
654 _amusic
245 _aMaking music on the BBC computer
260 _bSunshine Books
_aLondon
_c1984
300 _a244
546 _aENGLISH
999 _c35656
_d35656